Statistics for Most Guessed Country by Continent

Click here to take the quiz!

General Stats

  • This quiz has been taken 861 times
  • The average score is 6 of 6

Answer Stats

Continent%Country% Correct
Asia95China
99%
North America97United States
99%
Oceania94Australia
98%
South America94Brazil
98%
Africa88South Africa
94%
Europe96Russia
91%

Score Distribution

Percentile by Number Answered

Percent of People with Each Score

Your Score History

You have not taken this quiz